| 000 | 00551nam a22001457a 4500 | ||
|---|---|---|---|
| 003 | OSt | ||
| 005 | 20160322085720.0 | ||
| 008 | 160322b xxu||||| |||| 00| 0 eng d | ||
| 040 | _cRUA | ||
| 082 | _aAGR YOU 2011 B470 Or.1 | ||
| 100 |
_98092 _aYOU OEM; យូ អឹម |
||
| 245 | _aEffect of planting methods on yield of cassava variety km 94, ប្រសិទ្ធភាពបច្ចេកទេសដាំដុះលើទិន្នផលនៃពូជដំឡូងមី KM ៩៤ | ||
| 300 |
_axii,69p. _bill. _c29cm. |
||
| 942 |
_2ddc _cAGR |
||
| 999 |
_c7698 _d7698 |
||